Statistiques concernant Quizz culture général 1

Cliquez ici pour prendre le quiz!

Statistiques générales

  • Ce quiz a été pris 220 fois
  • Le résultat moyen est 8 sur 20

Statistiques - réponses

HintRéponse% Correct
Quel satellite naturel de Jupiter porte le nom d'un continent terrestre ?Europe
80%
Quel est le plus long fleuve du monde ?Nil
73%
Qui est le fondateur d'Amazon ?Jeff Bezos
68%
Quelle ville française se nommait "Lugdunum" ?Lyon
65%
Qui est le l'inventeur de la dynamite mais également d'un prix depuis 1901 ?Alfred Nobel
63%
Dans quelle ville a eu lieu l'assassinat de l'archiduc François-Ferdinand ?Sarajevo
59%
Quelle mer borde la côte est italienne ?Adriatique
55%
Dans quel pays le massacre des Tutsis par les Hutus a-t-il eu lieu ?Rwanda
53%
Quel est le dernier tsar russe ?Nicolas II
45%
Comment se nomme le plus long jour de l'année ?Solstice d'été
38%
Combien y a-t-il eu de présidents dans l'histoire des États-Unis ?46
35%
Quel roi anglais rompt avec Rome en 1534 pour devenir le chef de l'Eglise anglicane ?Henri VIII
34%
Quel langage informatique permet de coder des sites web ?HTML
31%
Quel pays est le plus gros producteur d'argan au monde ?Maroc
29%
Quel était l'emblème de Francois 1er ?Salamandre
24%
Dans quel musée le tableau "La Nuit étoilée" est-il exposé ?Musée d'Orsay
23%
Quel plat est devenu une tradition à Noël au Japon ?KFC
19%
De quel mathématicien vient le nom du nombre e ?Euler
17%
Comment appelle-t-on un astéroïde dont l'orbite croise celle de la Terre ?Géocroiseur
4%
Qui a trouvé la première approximation de la circonférence de la Terre ?Ératosthène
3%

Distribution des résultats

Percentile par nombre de réponses

% des personnes avec chaque résultat

Votre développement - résultats

Vous n’avez pas pris ce quiz